| 000 | 00903nam a2200289 i 4500 | ||
|---|---|---|---|
| 005 | 20160123145002.0 | ||
| 008 | 140226b1988 cu ||||| |||| 00| 0 spa d | ||
| 040 |
_aCO-BoIAVH _cCO-BoIAVH |
||
| 041 | _aspa | ||
| 044 | _acu | ||
| 082 | 0 | 4 |
_a551.447 _bN96c |
| 100 | 1 | _aNuñez Jiménez, Antonio | |
| 245 | 1 | 0 | _aCuevas y carsos. |
| 260 |
_aLa Habana : _bMinisterio de Cultura, _c1988. |
||
| 300 | _a431 páginas | ||
| 650 | 1 | 4 | _aEspeleología |
| 650 | 2 | 4 | _aCuevas |
| 650 | 2 | 4 | _aBioespeleología |
| 650 | 2 | 4 | _aDiversidad biológica |
| 650 | 2 | 4 | _aEcología |
| 700 | 1 |
_aViña Bayes, Nicasio, _eautor. |
|
| 700 | 1 |
_aAcevedo González, Manuel, _eautor. |
|
| 700 | 1 |
_aRodríguez, José Mateo, _eautor. |
|
| 700 | 1 |
_aIturralde Vinent, Manuel, _eautor. |
|
| 700 | 1 |
_aGraña González, Angel, _eautor. |
|
| 942 |
_cLIBRO _2ddc |
||
| 999 |
_c1193 _d1193 |
||